| 000 | 00793nam a2200265Ia 4500 | ||
|---|---|---|---|
| 003 | GCL | ||
| 008 | 140319s9999 xx 000 0 ara d | ||
| 040 |
_aGCL / _cGCL |
||
| 082 | 0 | 4 |
_aع _b613.25 _bد ر |
| 100 | 1 | _aفادى الزين | |
| 245 | 1 | 0 |
_aالرشاقة مدى الحياة : برنامج نموزجى لاربعة اسابيع / _cفادى الزين |
| 700 | 1 | _aدياموند هارفى | |
| 700 | 1 | _aدياموند مارليلين | |
| 700 | 1 | _aنبيل نقوزى | |
| 260 |
_a[S.N] : _bدار الانماء |
||
| 300 | _a264 ص | ||
| 490 | _a | ||
| 650 | 0 | 4 | _aالصحابة |
| 650 | 0 | 4 | _aالتغذية |
| 650 | 0 | 4 | _aالصحة |
| 650 | 0 | 4 | _aالرجيم |
| 650 | 0 | 4 | _aالرجيم منخفض السعرات |
| 650 | 0 | 4 | _aالاغذية |
| 942 |
_2ddc _cBK |
||
| 999 |
_c30397 _d30397 |
||